[Event "Rewal op-A 15th"]
[Site "Rewal"]
[Date "2010.08.24"]
[Round "5"]
[White "Jagodzinski, Piotr"]
[Black "Sachryn, Krystian"]
[Result "1-0"]
[WhiteElo "2189"]
[BlackElo "1862"]
[PlyCount "61"]
[EventDate "2010.08.19"]
[EventType "swiss"]
[EventRounds "9"]
[EventCountry "POL"]
[SourceTitle "EXT 2013"]
[Source "ChessBase"]
[SourceDate "2012.11.22"]
[SourceVersion "1"]
[SourceVersionDate "2012.11.22"]
[SourceQuality "1"]

1. e4 c5 2. Nf3 g6 3. h4 h5 4. d4 Bg7 5. Nc3 b6 6. dxc5 bxc5 7. Qd5 Nc6 8. Qxc5 Nf6 9. Bd3 0-0 10. e5 Ng4 11. e6 f5 12. Bf4 Qb6 13. Qxb6 axb6 14. exd7 Bxd7 15. Bc4+ Kh8 16. Rd1 e5 17. Bc1 Nd4 18. Nxd4 exd4 19. Ne2 b5 20. Bd5 Rae8 21. Bf4 Be6 22. Bf3 Bxa2 23. 0-0 Bc4 24. Rfe1 Bxe2 25. Bxe2 d3 26. Bxd3 Bxb2 27. Rxe8 Rxe8 28. Bxb5 Re4 29. Bc1 Bd4 30. Rxd4 Rxd4 31. Bb2 1-0